[Event "Barcelona Sant Marti op-B 17th"]
[White "Trabado Nieto, David"]
[Black "Castellvell Diez, Maria Nuria"]
[Site "Barcelona"]
[Round "6"]
[Result "1-0"]
[Date "2015.07.18"]
[WhiteElo "1722"]
[BlackElo "1566"]
[PlyCount "45"]
[EventDate "2015.07.13"]
[EventType "swiss"]
[EventRounds "9"]
[EventCountry "ESP"]
[SourceTitle "EXT 2016"]
[Source "ChessBase"]
[SourceDate "2015.10.08"]
[SourceVersion "1"]
[SourceVersionDate "2015.10.08"]
[SourceQuality "1"]

1. d4 b6 2. e4 Nf6 3. Nc3 Bb7 4. e5 Nh5 5. Qxh5 g6 6. Qd1 d5 7. Nf3 Bg7 8. Ng5 Qd7 9. Qf3 f6 10. Bb5 c6 11. Bxc6 Nxc6 12. Nxd5 Nxd4 13. Qd3 Qxd5 14. c4 0-0 15. cxd5 Bxd5 16. Qxd4 Bxg2 17. Qc4+ Kh8 18. Rg1 Rac8 19. Qa6 Rc2 20. Rxg2 fxe5 21. Ne6 Rf5 22. Qxa7 Bf6 23. Qa8+ 1-0

[Event "Barcelona Sant Marti op-B 17th"]
[White "Castellvell Diez, Maria Nuria"]
[Black "Ani, Virgil"]
[Site "Barcelona"]
[Round "2"]
[Result "0-1"]
[Date "2015.07.14"]
[WhiteElo "1566"]
[BlackElo "1826"]
[PlyCount "66"]
[EventDate "2015.07.13"]
[EventType "swiss"]
[EventRounds "9"]
[EventCountry "ESP"]
[SourceTitle "EXT 2016"]
[Source "ChessBase"]
[SourceDate "2015.10.08"]
[SourceVersion "1"]
[SourceVersionDate "2015.10.08"]
[SourceQuality "1"]

1. e4 c6 2. Ne2 d5 3. e5 Bf5 4. Nd4 Bg6 5. g3 e6 6. Bg2 Bc5 7. Nf3 Nd7 8. d4 Bb6 9. 0-0 Ne7 10. c3 0-0 11. Nbd2 f5 12. Nb3 Bh5 13. Qc2 Rc8 14. Bd2 c5 15. c4 dxc4 16. Qxc4 cxd4 17. Qe2 Rc7 18. Bg5 h6 19. Bf4 Nd5 20. Rad1 Nxf4 21. Qd2 Nxg2 22. Nfxd4 Qe7 23. Nb5 Nxe5 24. Kxg2 Bxd1 25. Rxd1 Rd7 26. Qc2 Rxd1 27. Qxd1 Ng4 28. h3 Nxf2 29. Qh5 Qd7 30. h4 Qd5+ 31. Kf1 Qxb5+ 32. Ke1 Qe5+ 33. Kd2 Rd8+ 0-1